Statistics for MotoGP Countries Visited

Click here to take the quiz!

General Stats

  • This quiz has been taken 52 times
  • The average score is 24 of 31

Answer Stats

Country% Correct
United States
95%
France
93%
Japan
93%
United Kingdom
93%
Austria
88%
Germany
88%
Italy
88%
Argentina
86%
Brazil
86%
Indonesia
86%
Spain
86%
China
84%
Qatar
84%
Australia
81%
India
81%
Finland
79%
Portugal
79%
South Africa
79%
Belgium
77%
Canada
77%
Netherlands
74%
Malaysia
70%
Turkey
70%
Sweden
67%
Hungary
65%
Switzerland
65%
Czech Republic
63%
Thailand
60%
Kazakhstan
49%
Croatia
37%
Venezuela
35%

Score Distribution

Percentile by Number Answered

Percent of People with Each Score

Your Score History

You have not taken this quiz